00742nam a22002177a 450000500170000000800410001701000140005802000260007203500130009803700150011104000180012608200170014424501140016126000480027527000750032330000270039850000200042565000290044570000230047470000270049720090516161331.0090516t xxu||||| |||| 00| 0 eng d aENG-93564 a9788177081732c685.00 aEN-77097 bDBAD / PUB adplbEnglish  a307.14120954 aRural development in India:bpolicies and initiatives /cedited by A. Vinayak Reddy and M. Yadagira Charyulu  aNew Delhi bNew Century Publications c2008 a4800/24, Bharat Ram Road, Ansari Road, Darya Ganj,bNew Delhi e110002 axvi, 324p. c22cm(Hb)  aIncludes index  aRural developmentzIndia aReddy, A. Vinayak  aCharyulu, M. Yadagira